000 00578nam a22002297a 4500
003 UA-OsUOA
001 84304
007 ta
008 20120530b un ||||| |||| 00| 0 ukr d
090 _a94
_bP-12
942 _cMG
040 _aUA-OsUOA
_bpol
_cUA-OsUOA
_dUA-OsUOA
245 _aPamiec i Sprawiedliwosc
_cRedaktor dr. Rafal Wnuk
300 _aC.374 с.
955 _a1
041 _apol
080 _a94
022 _a1427-7476
246 3 1 _aPismo Instytutu Pamieci Narodowej
_n
044 _aPL
650 7 _a9 Географія. Біографії. Історія
_2UDC
999 _c370618
_d370618